The Amphibians Quiz - Statistics

General Stats
  • This quiz has been taken 63 times
  • The average score is 6 of 15
Answer Stats
Hint Answer % Correct
Most frogs start out their lives as what? tadpoles
100%
"Bufo" is Latin for what? toad
67%
Axolotl are popular aquarium pets, most known for their exposed what? gills
65%
Tiger, fire, and mudpuppy are all species of what? salamander
61%
Despite frog being served around the world, what country is most often associated with frog cuisine? France
59%
The largest living salamanders, the Osanshouo, live in what country? Japan
59%
Snot otter, devil dog, and Allegheny alligator are all regional names for what large North American salamander? hellbender
41%
Eryops, a three meter long extinct amphibian, lived during what time period? Late Carboniferous and early Permian
33%
What is the largest living frog species? Goliath Frog (32cm in length)
31%
Splash back, phantasmal, Anthony's, and Harlequin are all species of what? poison dart frog
25%
Caecilians most closely resemble what other animal? earthworm
24%
South American horned frogs are usually sold in petshops by what name? Pacman Frog
20%
What was the name of the Late Cretaceous half meter long toad found in Madagascar? Beelzebufo (Devil Toad)
16%
What was Kermit's nephew's name? Robin
8%
What is swikee? frog leg soup
4%
No matching quizzes found
Score Distribution
Percent of People with Each Score
Percentile by Number Answered
Your Score History
You have not taken this quiz